000 00592nam a22001937a 4500
005 20251108164654.0
008 250721s1999 xx 000 0 ara d
082 1 4 _a618.9/طيب
100 1 _aالطيبي، عكاشة عبد المنان
245 1 0 _aالسمنة عند الأطفال /
264 1 _aبيروت :
_bدار الجيل للنشر،
_c1999.
300 _a144ص
490 0 _aموسوعة الطفل الصحية و النفسية
650 1 7 _aأمراض الأطفال
650 1 7 _aالصحة
650 1 7 _aفرط الوزن
942 _2ddc
_cBK
999 _c11459
_d11459